MARC

LEADER 00000nam0a2200000 4500
001 358022
005 20231102011042.0
035 |a (RuTPU)RU\TPU\retro\15290 
090 |a 358022 
100 |a 20200812d1978 m y0rusy50 ca 
101 0 |a rus 
102 |a RU 
105 |a a j 001zy 
200 1 |a Обработка давлением специальных сталей и сплавов. Производство полупродуктов  |e учебное пособие  |f В. Т. Жадан  |g Московский государственный институт стали и сплавов ; под ред. П. И. Полухина 
210 |a Москва  |c [Б. и.]  |d 1978 
215 |a 104 с.  |c ил. 
320 |a Библиогр.: с. 102-103 
606 1 |a Сталь специальная  |x Обработка давлением  |2 stltpush  |3 (RuTPU)RU\TPU\subj\56595  |9 74486 
610 1 |a специальные сплавы 
610 1 |a блюмы 
610 1 |a слябы 
610 1 |a прокатка 
610 1 |a прокатные станы 
610 1 |a обжимные станы 
610 1 |a скоростной режим 
610 1 |a калибровка 
610 1 |a проверка 
610 1 |a литые заготовки 
610 1 |a полупродукты 
610 1 |a производство 
610 1 |a учебные пособия 
675 |a 669.187.2  |v 4 
700 1 |a Жадан  |b В. Т. 
702 1 |a Полухин  |b П. И.  |4 340 
712 0 2 |a Московский государственный институт стали и сплавов  |c (1962-2008)  |2 stltpush  |3 (RuTPU)RU\TPU\col\180  |9 23256 
801 1 |a RU  |b 63413507  |c 20200812 
801 2 |a RU  |b 63413507  |c 20210220  |g RCR 
942 |c BK